000
00324 a2200157 4500
001
190486
020
_a
0-19-596947-2
040
_c
Magnum
100
_a
Maclennan, Carol
240
1
0
_a
The picnic
_l
ING
245
1
0
_a
The picnic
300
_a
16
362
0
_a
2004
697
_a
LITERATURA INFANTIL INGLESA
942
_c
BK
999
_c
190486
_d
190486